La Reforma administrativa = La réforme administrative / Édouard Bonnefous
Publicado:
Madrid :
Publicaciones de la Secretaría General Técnica de la Presidencia del Gobierno ,
1960
Descripción Física:
293, [1] full pleg. ; 22 cm
Colección:
Estudios administrativos ; 8
Materias:
Administració pública -- França
MARC
| LEADER | 00000nam a2200000Ia 4500 | ||
|---|---|---|---|
| 001 | 123 | ||
| 008 | 160829s1960 xx 000 0 cat d | ||
| 080 | |a M-4-138 | ||
| 100 | |a Bonnefous, Édouard |9 23733 | ||
| 245 | |a La Reforma administrativa = La réforme administrative / Édouard Bonnefous | ||
| 260 | |a Madrid : |b Publicaciones de la Secretaría General Técnica de la Presidencia del Gobierno, |c 1960 | ||
| 300 | |a 293, [1] full pleg. ; |c 22 cm | ||
| 490 | |a Estudios administrativos ; 8 | ||
| 590 | |a Bibliografia | ||
| 650 | |a Administració pública |x França |9 23734 | ||
| 901 | |a Arxiu | ||
| 942 | |n 1 | ||
| 952 | |0 0 |1 0 |4 0 |6 M4138 |7 1 |9 42831 |a Arxiu |b Arxiu |d 2016-12-01 |l 0 |o M-4-138 |p 123 |r 2016-12-01 00:00:00 |w 2016-12-01 |y ARXIU | ||
| 999 | |c 45337 |d 45337 | ||